[Event "Edinburgh Park op"]
[Site "Edinburgh"]
[Date "2024.03.24"]
[Round "4"]
[White "Wisniewski, Adam"]
[Black "McCormack, Derek"]
[Result "1/2-1/2"]
[WhiteElo "1953"]
[BlackElo "1918"]
[PlyCount "86"]
[EventDate "2024.03.22"]
[EventType "swiss"]
[EventRounds "5"]
[EventCountry "SCO"]
[SourceTitle "CB15_2024"]
[SourceDate "2024.04.10"]
[SourceVersion "1"]
[SourceVersionDate "2024.04.10"]
[SourceQuality "1"]

1. e4 c5 2. Nf3 Nc6 3. c3 Nf6 4. e5 Nd5 5. d4 cxd4 6. Bc4 Nb6 7. Bb3 d5 8. exd6 Qxd6 9. 0-0 Be6 10. Bxe6 Qxe6 11. Nxd4 Nxd4 12. cxd4 g6 13. Nc3 Bg7 14. Qf3 Qd7 15. Re1 0-0 16. Bg5 f6 17. Be3 Rad8 18. Ne4 Qd5 19. Nc5 Qxf3 20. gxf3 Kf7 21. Nxb7 Rc8 22. Rac1 Nd5 23. Rc5 Rb8 24. Na5 Nxe3 25. Rxe3 Rxb2 26. Rc7 Re8 27. Nc4 Rb1+ 28. Kg2 Kf8 29. Rxa7 Bh6 30. Re2 Bf4 31. Ne3 Rd8 32. d5 Ke8 33. a4 Ra1 34. Ng4 Bd6 35. Nxf6+ Kf7 36. Ne4 Be5 37. d6 Bxd6 38. Nxd6+ Rxd6 39. Rexe7+ Kf6 40. Re2 Rd5 41. Ra6+ Kg5 42. Ra7 h5 43. Re4 Rd2 1/2-1/2

[Event "Edinburgh Park op"]
[Site "Edinburgh"]
[Date "2024.03.23"]
[Round "3"]
[White "Berg, Jan"]
[Black "Wisniewski, Adam"]
[Result "1/2-1/2"]
[WhiteElo "1864"]
[BlackElo "1953"]
[PlyCount "28"]
[EventDate "2024.03.22"]
[EventType "swiss"]
[EventRounds "5"]
[EventCountry "SCO"]
[SourceTitle "CB15_2024"]
[SourceDate "2024.04.10"]
[SourceVersion "1"]
[SourceVersionDate "2024.04.10"]
[SourceQuality "1"]

1. e4 e6 2. d4 d5 3. Nd2 c5 4. exd5 Qxd5 5. dxc5 Bxc5 6. Ngf3 Nf6 7. Bc4 Qd6 8. 0-0 Qc7 9. Qe2 Nc6 10. Ne4 Be7 11. Bg5 Nxe4 12. Qxe4 Bxg5 13. Nxg5 Qe5 14. Qxe5 Nxe5 1/2-1/2

[Event "Edinburgh Park op"]
[Site "Edinburgh"]
[Date "2024.03.23"]
[Round "2"]
[White "McCusker, Andrew"]
[Black "Wisniewski, Adam"]
[Result "0-1"]
[WhiteElo "1900"]
[BlackElo "1953"]
[PlyCount "96"]
[EventDate "2024.03.22"]
[EventType "swiss"]
[EventRounds "5"]
[EventCountry "SCO"]
[SourceTitle "CB15_2024"]
[SourceDate "2024.04.10"]
[SourceVersion "1"]
[SourceVersionDate "2024.04.10"]
[SourceQuality "1"]

1. d4 Nf6 2. c4 g6 3. Nc3 Bg7 4. e4 d6 5. f3 0-0 6. Be3 c6 7. Bd3 e5 8. d5 Nh5 9. Nge2 f5 10. Qd2 f4 11. Bf2 c5 12. h3 Na6 13. a3 Bd7 14. Nb5 Be8 15. Rb1 b6 16. b3 Rf7 17. Nbc3 Bh6 18. b4 Rc8 19. b5 Nb8 20. Kd1 Qg5 21. Rg1 Nd7 22. Kc2 Qf6 23. a4 Kg7 24. Ra1 Ng3 25. Ra3 a5 26. bxa6 Nb8 27. Rb3 Qd8 28. Rgb1 Nxa6 29. Rxb6 Nb4+ 30. R6xb4 cxb4 31. Nb5 Nxe2 32. Bxe2 Bxb5 33. axb5 Ra8 34. Qxb4 Ra2+ 35. Rb2 Rxb2+ 36. Kxb2 Bg5 37. b6 Qb8 38. c5 dxc5 39. Bxc5 Bd8 40. Ba6 Rf6 41. d6 Bxb6 42. d7 Qc7 43. Be7 Bd4+ 44. Kb3 Rb6 45. d8Q Qc3+ 46. Ka4 Rxa6+ 47. Qda5 Qc2+ 48. Ka3 Bb2+ 0-1

[Event "POL-chT 2nd League"]
[Site "Jastrzebia Gora"]
[Date "2023.09.10"]
[Round "9.98"]
[White "Ciszewski, Krzysztof"]
[Black "Wisniewski, Adam"]
[Result "0-1"]
[WhiteElo "2055"]
[BlackElo "1929"]
[PlyCount "66"]
[EventDate "2023.09.02"]
[EventType "team-swiss"]
[EventRounds "9"]
[EventCountry "POL"]
[SourceTitle "EXT 2024"]
[Source "ChessBase"]
[SourceDate "2023.10.10"]
[SourceVersion "1"]
[SourceVersionDate "2023.10.10"]
[SourceQuality "1"]
[WhiteTeam "Nysa Gekon"]
[BlackTeam "Bydgoszcz Royal Chess"]
[WhiteTeamCountry "POL"]
[BlackTeamCountry "POL"]

1. d4 Nf6 2. c4 g6 3. Nc3 Bg7 4. e4 d6 5. h3 0-0 6. Be3 e5 7. d5 a5 8. g4 Na6 9. Nge2 h5 10. g5 Ne8 11. h4 c6 12. Qd2 Rb8 13. Nc1 Bd7 14. a4 Nc5 15. f3 b6 16. Qc2 Nc7 17. Nd3 cxd5 18. cxd5 Qe7 19. Rb1 N7a6 20. Nxc5 Nb4 21. Qd2 bxc5 22. Bb5 Kh7 23. Bxd7 Qxd7 24. Nb5 f5 25. gxf6 Rxf6 26. Ke2 Rxf3 27. Kxf3 Qg4+ 28. Kf2 Rf8+ 29. Ke1 Qg3+ 30. Ke2 Qf3+ 31. Ke1 Qxh1+ 32. Ke2 Qg2+ 33. Ke1 Rf1# 0-1

[Event "POL-chT 2nd League"]
[Site "Jastrzebia Gora"]
[Date "2023.09.08"]
[Round "7.110"]
[White "Wisniewski, Adam"]
[Black "Walentukiewicz, Michal"]
[Result "0-1"]
[WhiteElo "1929"]
[BlackElo "2074"]
[PlyCount "96"]
[EventDate "2023.09.02"]
[EventType "team-swiss"]
[EventRounds "9"]
[EventCountry "POL"]
[SourceTitle "EXT 2024"]
[Source "ChessBase"]
[SourceDate "2023.10.10"]
[SourceVersion "1"]
[SourceVersionDate "2023.10.10"]
[SourceQuality "1"]
[WhiteTeam "Bydgoszcz Royal Chess"]
[BlackTeam "Wroclaw Hetman"]
[WhiteTeamCountry "POL"]
[BlackTeamCountry "POL"]

1. e4 g6 2. d4 Bg7 3. Nf3 c5 4. c3 cxd4 5. cxd4 Nf6 6. Nc3 d6 7. Be2 0-0 8. 0-0 a6 9. Re1 Nc6 10. a3 Bg4 11. d5 Bxf3 12. Bxf3 Ne5 13. Be2 b5 14. Qb3 Nfd7 15. Be3 Nc5 16. Bxc5 dxc5 17. a4 b4 18. Nd1 a5 19. Ne3 Nd7 20. Rac1 Rc8 21. Kh1 Bd4 22. Bb5 Nb6 23. Rc2 Qd6 24. Qd3 e6 25. Nc4 Nxc4 26. Bxc4 exd5 27. Bxd5 Rfe8 28. Rce2 Kg7 29. Bc4 h5 30. Qh3 Rcd8 31. Qf3 f6 32. h3 Qe5 33. Qb3 h4 34. Rd1 Qg5 35. Bb5 Re7 36. Qf3 Rd6 37. Bc4 Be5 38. Rde1 Rd2 39. b3 Red7 40. Bd5 Rxe2 41. Qxe2 Qf4 42. g3 hxg3 43. f3 Rd8 44. Kg2 Rh8 45. Be6 Bd4 46. Rd1 Qe5 47. Bd7 Qe7 48. Bc6 Qe6 0-1

[Event "POL-chT 2nd League"]
[Site "Jastrzebia Gora"]
[Date "2023.09.06"]
[Round "5.116"]
[White "Wisniewski, Adam"]
[Black "Malik, Maciej"]
[Result "0-1"]
[WhiteElo "1929"]
[BlackElo "2023"]
[PlyCount "96"]
[EventDate "2023.09.02"]
[EventType "team-swiss"]
[EventRounds "9"]
[EventCountry "POL"]
[SourceTitle "EXT 2024"]
[Source "ChessBase"]
[SourceDate "2023.10.10"]
[SourceVersion "1"]
[SourceVersionDate "2023.10.10"]
[SourceQuality "1"]
[WhiteTeam "Bydgoszcz Royal Chess"]
[BlackTeam "Marklowice Hetman"]
[WhiteTeamCountry "POL"]
[BlackTeamCountry "POL"]

1. e4 d6 2. d4 Nf6 3. Bd3 g6 4. h3 Bg7 5. Nf3 0-0 6. 0-0 Nc6 7. Re1 e5 8. c3 h6 9. Nbd2 Nh5 10. dxe5 Nxe5 11. Nxe5 dxe5 12. Nf3 Qe7 13. Qe2 Qf6 14. Be3 Nf4 15. Bxf4 Qxf4 16. Rad1 Qf6 17. Bc4 Kh7 18. Rd2 Qe7 19. Bb3 a5 20. a3 Ra6 21. Ba2 h5 22. Nh2 Bh6 23. Rdd1 a4 24. Rd3 Bd7 25. Qd1 Bb5 26. Rd5 Bc6 27. Rd3 Rb6 28. Qe2 Bb5 29. c4 Bc6 30. Bb1 Qc5 31. Ba2 Ra6 32. Red1 Raa8 33. Qe1 Rae8 34. Qe2 Rg8 35. h4 f5 36. Rd7+ Bxd7 37. Rxd7+ Re7 38. Rd5 Qc6 39. Nf3 fxe4 40. Ng5+ Bxg5 41. hxg5 Qe6 42. Qxe4 c6 43. Ra5 Rd8 44. Bb1 Rd4 45. Qf3 e4 46. Qf8 Re8 47. Qh6+ Kg8 48. Bc2 Rd7 0-1

[Event "POL-chT 2nd League"]
[Site "Poronin"]
[Date "2020.09.08"]
[Round "4.17"]
[White "Jaworski, Miroslaw"]
[Black "Wisniewski, Adam"]
[Result "0-1"]
[WhiteElo "2196"]
[BlackElo "1934"]
[PlyCount "126"]
[EventDate "2020.09.05"]
[EventType "team-swiss"]
[EventRounds "9"]
[EventCountry "POL"]
[SourceTitle "CBM 198 Extra"]
[Source "ChessBase"]
[SourceDate "2020.11.30"]
[SourceVersion "1"]
[SourceVersionDate "2020.11.30"]
[SourceQuality "1"]
[WhiteTeam "Raciborz Silesia"]
[BlackTeam "Bydgoszcz Hetman"]
[WhiteTeamCountry "POL"]
[BlackTeamCountry "POL"]

1. Nf3 Nf6 2. c4 g6 3. g3 Bg7 4. Bg2 0-0 5. d4 d6 6. 0-0 a6 7. Nc3 Nc6 8. Bf4 h6 9. h3 Kh7 10. Rc1 Rb8 11. Qd2 Bd7 12. b3 Qc8 13. Kh2 Nh5 14. Be3 f5 15. d5 Ne5 16. Nd4 c5 17. dxc6 Nxc6 18. Nd5 Qd8 19. Nc2 e6 20. Nb6 f4 21. gxf4 Nxf4 22. Bxf4 Rxf4 23. e3 Rf7 24. Nxd7 Qxd7 25. Ne1 Rbf8 26. Nd3 e5 27. Be4 Rf3 28. Bxf3 Rxf3 29. Ne1 Rxh3+ 30. Kg1 Qg4+ 31. Ng2 e4 32. Qd1 Rf3 33. Re1 Be5 34. c5 Qh3 35. Nf4 Qh4 36. Rc2 Nb4 37. cxd6 Nxc2 38. Qxc2 Bxd6 39. Rd1 Rxf2 40. Qxf2 Qg4+ 41. Kh2 Qxd1 42. Qg2 Bxf4+ 43. exf4 Qh5+ 44. Kg1 Qc5+ 45. Kh2 Qe3 46. Qf1 Kg7 47. Qa1+ Kf7 48. Qe5 Qf2+ 49. Kh1 Qf3+ 50. Kg1 Qg4+ 51. Kf2 Qe6 52. Qc7+ Qe7 53. Qc4+ Kg7 54. Ke3 h5 55. Qd4+ Kh7 56. Qd1 Qb4 57. Qd7+ Kh6 58. Qf7 Qe1+ 59. Kd4 Qb4+ 60. Ke3 Qe1+ 61. Kd4 Qb4+ 62. Ke3 h4 63. Qf6 Qe1+ 0-1

[Event "POL-chT 2nd League"]
[Site "Jastrzebia Gora"]
[Date "2019.09.12"]
[Round "6.20"]
[White "Szajda, Marcin"]
[Black "Wisniewski, Adam"]
[Result "1-0"]
[WhiteElo "1904"]
[BlackElo "1946"]
[PlyCount "63"]
[EventDate "2019.09.07"]
[EventType "team-swiss"]
[EventRounds "9"]
[EventCountry "POL"]
[SourceTitle "EXT 2020"]
[Source "ChessBase"]
[SourceDate "2019.10.17"]
[SourceVersion "1"]
[SourceVersionDate "2019.10.17"]
[SourceQuality "1"]
[WhiteTeam "Chroscice Victoria"]
[BlackTeam "Bydgoszcz Hetman"]
[WhiteTeamCountry "POL"]
[BlackTeamCountry "POL"]

1. e4 e6 2. d4 d5 3. Nc3 Bb4 4. e5 Ne7 5. a3 Bxc3+ 6. bxc3 c5 7. Qg4 Qc7 8. Qxg7 Rg8 9. Qxh7 cxd4 10. Ne2 Nbc6 11. f4 Bd7 12. h4 dxc3 13. h5 d4 14. h6 0-0-0 15. Rh3 Nf5 16. Qxf7 Rgf8 17. Qh5 Rh8 18. Qf3 Rxh6 19. Rxh6 Nxh6 20. Ng3 Nxe5 21. fxe5 Qxe5+ 22. Ne4 Bc6 23. Bd3 Nf5 24. Bf4 Qh8 25. Ke2 e5 26. Bg5 Rf8 27. Rf1 Qg7 28. Qg4 Bd7 29. Rxf5 Bxf5 30. Nd6+ Kb8 31. Nxf5 Qc7 32. Be7 1-0

[Event "POL-chT 2nd League"]
[Site "Jastrzebia Gora"]
[Date "2015.09.11"]
[Round "7.63"]
[White "Wisniewski, Adam"]
[Black "Kopczyk, Daniel"]
[Result "0-1"]
[WhiteElo "1916"]
[BlackElo "2133"]
[PlyCount "51"]
[EventDate "2015.09.05"]
[EventType "team-swiss"]
[EventRounds "9"]
[EventCountry "POL"]
[SourceTitle "EXT 2017"]
[Source "ChessBase"]
[SourceDate "2016.10.25"]
[SourceVersion "1"]
[SourceVersionDate "2016.10.25"]
[SourceQuality "1"]
[WhiteTeam "Bydgoszcz Hetman"]
[BlackTeam "Stara Wies Parnas"]
[WhiteTeamCountry "POL"]
[BlackTeamCountry "POL"]

1. e4 g6 2. d4 Bg7 3. Nf3 d6 4. Bc4 Nf6 5. Qe2 0-0 6. 0-0 Nc6 7. e5 Ne8 8. Rd1 Bg4 9. Bf4 Qc8 10. Qe3 Bxf3 11. gxf3 dxe5 12. dxe5 Qf5 13. Bd3 Qh5 14. Re1 Rd8 15. Nd2 Nd4 16. c3 Ne6 17. Bg3 Bh6 18. f4 Nxf4 19. Bxf4 Qg4+ 20. Qg3 Qxf4 21. Nc4 Qxg3+ 22. hxg3 Rxd3 23. Rad1 Rxd1 24. Rxd1 Ng7 25. Na5 Ne6 26. Rd7 0-1

[Event "POL-chT 2nd League"]
[Site "Szczyrk"]
[Date "2014.09.13"]
[Round "8.69"]
[White "Zychowicz, Marcin"]
[Black "Wisniewski, Adam"]
[Result "1/2-1/2"]
[WhiteElo "1792"]
[BlackElo "1954"]
[PlyCount "166"]
[EventDate "2014.09.06"]
[EventType "team-swiss"]
[EventRounds "9"]
[EventCountry "POL"]
[SourceTitle "EXT 2015"]
[Source "ChessBase"]
[SourceDate "2014.11.20"]
[SourceVersion "1"]
[SourceVersionDate "2014.11.20"]
[SourceQuality "1"]
[WhiteTeam "Minsk Mazowiecki MTSz"]
[BlackTeam "Bydgoszcz Hetman"]
[WhiteTeamCountry "POL"]
[BlackTeamCountry "POL"]

1. e4 e6 2. d4 d5 3. Nd2 Nf6 4. e5 Nfd7 5. Bd3 c5 6. c3 Nc6 7. Ne2 cxd4 8. cxd4 f6 9. exf6 Nxf6 10. Nf3 Bd6 11. 0-0 Qc7 12. Bg5 0-0 13. Bh4 g6 14. Bg3 Nh5 15. Rc1 Nxg3 16. hxg3 Qg7 17. Bb1 Bd7 18. a3 Rad8 19. Qd2 Ne7 20. Rfe1 Nc6 21. Nc3 Bb8 22. Nd1 Rf6 23. Ne3 Rdf8 24. Rcd1 a6 25. Ng4 Rxf3 26. gxf3 Rxf3 27. Kg2 Rf8 28. Qh6 Ba7 29. Qxg7+ Kxg7 30. Ne5 Nxe5 31. Rxe5 Rc8 32. Re3 Rc4 33. Rc3 Kf6 34. Rxc4 dxc4 35. Be4 b5 36. f4 a5 37. Bb7 b4 38. d5 bxa3 39. bxa3 c3 40. Bc6 Be3 41. Bxd7 c2 42. Re1 exd5 43. Kf3 c1Q 44. Rxc1 Bxc1 45. a4 Ba3 46. Bb5 Bc5 47. Bd3 Bd4 48. Bb5 Ke6 49. Bd3 Bc3 50. g4 Kf6 51. g5+ Ke6 52. Bc2 Bd2 53. Bd3 Bc1 54. Bc2 Kd6 55. f5 gxf5 56. Bxf5 Kc5 57. g6 hxg6 58. Bxg6 Kb4 59. Be8 Kc3 60. Ke2 Kc2 61. Bb5 d4 62. Bd3+ Kc3 63. Bb5 Kb3 64. Kd3 Be3 65. Be8 Kb2 66. Bb5 Kc1 67. Be8 Kd1 68. Bb5 Ke1 69. Be8 Kf2 70. Bb5 Kg3 71. Be8 Kf4 72. Bb5 Ke5 73. Be8 Kd6 74. Bb5 Ke7 75. Bc6 Kd6 76. Be8 Ke7 77. Bb5 Kd6 78. Be8 Kc5 79. Bb5 Kb4 80. Be8 Ka3 81. Bb5 Kb2 82. Be8 Kb3 83. Bb5 Kb4 1/2-1/2

[Event "POL-chT 2nd League"]
[Site "Szczyrk"]
[Date "2014.09.10"]
[Round "5.99"]
[White "Wisniewski, Adam"]
[Black "Kadziela, Andrzej"]
[Result "1-0"]
[WhiteElo "1954"]
[BlackElo "1578"]
[PlyCount "79"]
[EventDate "2014.09.06"]
[EventType "team-swiss"]
[EventRounds "9"]
[EventCountry "POL"]
[SourceTitle "EXT 2015"]
[Source "ChessBase"]
[SourceDate "2014.11.20"]
[SourceVersion "1"]
[SourceVersionDate "2014.11.20"]
[SourceQuality "1"]
[WhiteTeam "Bydgoszcz Hetman"]
[BlackTeam "Rzeszow RzKSz"]
[WhiteTeamCountry "POL"]
[BlackTeamCountry "POL"]

1. e4 g6 2. d4 Bg7 3. Nf3 d6 4. Bc4 Nh6 5. h3 0-0 6. Bg5 Kh8 7. Qd2 Ng8 8. Be3 f5 9. Ng5 e5 10. f4 exf4 11. Bxf4 Nc6 12. Nf7+ Rxf7 13. Bxf7 Bxd4 14. c3 Bb6 15. Bg5 Nf6 16. Na3 Qe7 17. Bb3 Qxe4+ 18. Kd1 Qe7 19. Re1 Ne5 20. Nc4 Be6 21. Nxb6 Bxb3+ 22. axb3 cxb6 23. Kc2 Kg7 24. Rad1 Rd8 25. Qd4 Re8 26. Bxf6+ Qxf6 27. Qxd6 Re6 28. Qc7+ Re7 29. Qd8 Kf7 30. Qd5+ Kg7 31. Qd8 Kf7 32. Rd6 Re6 33. Qc7+ Ke8 34. Rxe5 Rxe5 35. Rxf6 Re2+ 36. Kd3 Re4 37. Qf7+ Kd8 38. Rd6+ Kc8 39. Qd7+ Kb8 40. Qd8# 1-0

[Event "POL-chT 2nd League"]
[Site "Szczyrk"]
[Date "2014.09.06"]
[Round "1.82"]
[White "Polok, Rafal"]
[Black "Wisniewski, Adam"]
[Result "0-1"]
[WhiteElo "2045"]
[BlackElo "1954"]
[PlyCount "48"]
[EventDate "2014.09.06"]
[EventType "team-swiss"]
[EventRounds "9"]
[EventCountry "POL"]
[SourceTitle "EXT 2015"]
[Source "ChessBase"]
[SourceDate "2014.11.20"]
[SourceVersion "1"]
[SourceVersionDate "2014.11.20"]
[SourceQuality "1"]
[WhiteTeam "Pszczyna PSSz"]
[BlackTeam "Bydgoszcz Hetman"]
[WhiteTeamCountry "POL"]
[BlackTeamCountry "POL"]

1. e4 e6 2. d4 d5 3. exd5 exd5 4. c4 Nf6 5. Nc3 Bb4 6. a3 Bxc3+ 7. bxc3 0-0 8. Bd3 Re8+ 9. Ne2 Nc6 10. 0-0 Bg4 11. f3 dxc4 12. Bxc4 Be6 13. Bd3 Na5 14. Rb1 b6 15. Bg5 h6 16. Bh4 Bc4 17. Rb4 Bxd3 18. Qxd3 Qd6 19. Ng3 Nd5 20. Ne4 Qg6 21. Rb2 Nf4 22. Qb5 c6 23. Qb4 Nd3 24. Qd6 Nxb2 0-1

[Event "POL-chT3 Kujawsko Pomorskie 1213"]
[Site "Poland"]
[Date "2013.02.24"]
[Round "9.16"]
[White "Wisniewski, Adam"]
[Black "Paprocki, Jaroslaw"]
[Result "0-1"]
[WhiteElo "1967"]
[BlackElo "2220"]
[PlyCount "82"]
[EventDate "2012.11.04"]
[EventType "team-tourn"]
[EventRounds "11"]
[EventCountry "POL"]
[SourceTitle "EXT 2015"]
[Source "ChessBase"]
[SourceDate "2014.11.20"]
[SourceVersion "1"]
[SourceVersionDate "2014.11.20"]
[SourceQuality "1"]
[WhiteTeam "Bydgoszcz Hetman"]
[BlackTeam "Bydgoszcz Wiartrak"]
[WhiteTeamCountry "POL"]
[BlackTeamCountry "POL"]

1. e4 e5 2. Bc4 Nf6 3. d3 c6 4. Qe2 d6 5. Nf3 Be7 6. Bb3 0-0 7. Nbd2 Nbd7 8. c3 Nc5 9. Bc2 Ne6 10. Nf1 Nh5 11. g3 g6 12. d4 exd4 13. cxd4 Qb6 14. Qc4 d5 15. exd5 cxd5 16. Qxd5 Rd8 17. Qb3 Bb4+ 18. Bd2 Nxd4 19. Nxd4 Bxd2+ 20. Nxd2 Qxd4 21. 0-0-0 Be6 22. Qe3 Qg7 23. Nb3 Rdc8 24. Kb1 Nf6 25. Rd2 a5 26. Rhd1 Re8 27. Qb6 Bg4 28. f3 Bxf3 29. Rf1 Bc6 30. Nxa5 Ra6 31. Qb4 Nd5 32. Qc5 Rea8 33. b4 Nc3+ 34. Kc1 Nxa2+ 35. Kd1 Re8 36. Bb1 Ba4+ 37. Rc2 Qb2 38. Kd2 Bxc2 39. Bxc2 Nxb4 40. Nxb7 Ra3 41. Rb1 Rd3# 0-1

[Event "POL-chT3 Kujawsko Pomorskie 1213"]
[Site "Poland"]
[Date "2013.01.06"]
[Round "5.26"]
[White "Wisniewski, Adam"]
[Black "Tarczykowski, Janusz"]
[Result "1/2-1/2"]
[WhiteElo "1967"]
[BlackElo "1992"]
[PlyCount "143"]
[EventDate "2012.11.04"]
[EventType "team-tourn"]
[EventRounds "11"]
[EventCountry "POL"]
[SourceTitle "EXT 2015"]
[Source "ChessBase"]
[SourceDate "2014.11.20"]
[SourceVersion "1"]
[SourceVersionDate "2014.11.20"]
[SourceQuality "1"]
[WhiteTeam "Bydgoszcz Hetman"]
[BlackTeam "Torun UKS OPP"]
[WhiteTeamCountry "POL"]
[BlackTeamCountry "POL"]

1. e4 c5 2. c3 g6 3. Nf3 Bg7 4. Bc4 Nc6 5. 0-0 e6 6. Re1 Nge7 7. d4 cxd4 8. cxd4 d5 9. exd5 exd5 10. Bb5 0-0 11. Bg5 Qd6 12. Qd2 Be6 13. Nc3 Rfc8 14. Bf4 Qd8 15. Ne5 Qb6 16. Rad1 Nxe5 17. Bxe5 Bxe5 18. Rxe5 Rxc3 19. bxc3 Qxb5 20. Qg5 Qd7 21. h4 Nc6 22. Re3 Qd8 23. Qf4 h5 24. Rde1 Kg7 25. Rf3 Qe7 26. c4 Rd8 27. c5 Na5 28. Qe5+ Kh7 29. Rc3 Rd7 30. g3 Nc4 31. Qb8 Qf6 32. Rd3 Bf5 33. Qf4 Re7 34. Rdd1 Nb2 35. Rxe7 Qxe7 36. Rf1 Nd3 37. Qe3 Qc7 38. Rd1 Nb2 39. Re1 Be6 40. Qg5 Nd3 41. Re3 Nb4 42. Re2 Nc6 43. Qf6 b6 44. Rc2 bxc5 45. Rxc5 Qb6 46. Qf4 Ne7 47. Qc7 Nf5 48. Qxb6 axb6 49. Rb5 Nxd4 50. Rxb6 Ne2+ 51. Kf1 Nc3 52. a3 d4 53. Rd6 Nb5 54. Rd8 Bc4+ 55. Kg2 d3 56. a4 Nc3 57. a5 Bd5+ 58. Kf1 d2 59. Rxd5 Nxd5 60. Ke2 Kg7 61. a6 Kf6 62. a7 Nc7 63. Kxd2 Ke5 64. Ke3 f6 65. f3 g5 66. hxg5 fxg5 67. f4+ gxf4+ 68. gxf4+ Kf5 69. Kf3 h4 70. Kg2 Kxf4 71. Kh3 Kg5 72. Kh2 1/2-1/2

[Event "POL-chT3 Kujawsko Pomorskie 1314"]
[Site "Poland"]
[Date "2013.??.??"]
[Round "5.16"]
[White "Sliwicki, Damian"]
[Black "Wisniewski, Adam"]
[Result "1-0"]
[WhiteElo "2127"]
[BlackElo "1967"]
[PlyCount "85"]
[EventDate "2013.11.03"]
[EventType "team-tourn"]
[EventRounds "11"]
[EventCountry "POL"]
[SourceTitle "EXT 2015"]
[Source "ChessBase"]
[SourceDate "2014.11.20"]
[SourceVersion "1"]
[SourceVersionDate "2014.11.20"]
[SourceQuality "1"]
[WhiteTeam "Torun UKS OPP"]
[BlackTeam "Bydgoszcz Hetman"]
[WhiteTeamCountry "POL"]
[BlackTeamCountry "POL"]

1. c4 Nf6 2. Nc3 g6 3. g3 Bg7 4. Bg2 0-0 5. Nf3 Nc6 6. 0-0 d6 7. d3 e5 8. Rb1 Bg4 9. h3 Bd7 10. b4 Qc8 11. Kh2 Re8 12. Ne1 Ne7 13. Nc2 c6 14. Bg5 d5 15. Qc1 e4 16. Ne3 h6 17. Bxf6 Bxf6 18. cxd5 Bxc3 19. Qxc3 Nxd5 20. Nxd5 cxd5 21. Qd4 exd3 22. exd3 Re2 23. Rbc1 Rc2 24. Rxc2 Qxc2 25. Bxd5 Bc6 26. Bxc6 bxc6 27. Qc4 Qe2 28. Qxc6 Rd8 29. Qf6 Rc8 30. Kg2 Qxd3 31. Re1 Qd5+ 32. Qf3 Qxa2 33. Re2 Qc4 34. Re7 Rc7 35. Re8+ Kg7 36. Qe3 Qc3 37. Qe2 Qc6+ 38. Kh2 Qf6 39. b5 Rc1 40. Kg2 Rb1 41. Ra8 Rb2 42. Qe3 Rxb5 43. Qe8 1-0

[Event "POL-chT3 Kujawsko Pomorskie 1213"]
[Site "Poland"]
[Date "2012.11.04"]
[Round "1.21"]
[White "Maciejewski, Mikolaj"]
[Black "Wisniewski, Adam"]
[Result "1/2-1/2"]
[WhiteElo "1733"]
[BlackElo "1967"]
[PlyCount "65"]
[EventDate "2012.11.04"]
[EventType "team-tourn"]
[EventRounds "11"]
[EventCountry "POL"]
[SourceTitle "EXT 2015"]
[Source "ChessBase"]
[SourceDate "2014.11.20"]
[SourceVersion "1"]
[SourceVersionDate "2014.11.20"]
[SourceQuality "1"]
[WhiteTeam "Bydgoszcz Emdek"]
[BlackTeam "Bydgoszcz Hetman"]
[WhiteTeamCountry "POL"]
[BlackTeamCountry "POL"]

1. e4 e6 2. d4 d5 3. Nc3 Bb4 4. exd5 exd5 5. a3 Qe7+ 6. Qe2 Bxc3+ 7. bxc3 Bg4 8. f3 Bf5 9. Qxe7+ Nxe7 10. Bd3 0-0 11. Bf4 c6 12. Kf2 Bxd3 13. cxd3 Ng6 14. Bg3 Nd7 15. Ne2 Rfe8 16. Nf4 Re7 17. Nxg6 hxg6 18. Rhe1 Rae8 19. Rxe7 Rxe7 20. Ra2 f6 21. Re2 Kf7 22. Rxe7+ Kxe7 23. Ke3 Ke6 24. Bc7 b5 25. h3 g5 26. f4 gxf4+ 27. Kxf4 a6 28. g4 g5+ 29. Ke3 Nf8 30. Bb8 a5 31. Bc7 a4 32. Bg3 Nd7 33. h4 1/2-1/2

[Event "POL-chT 2nd League"]
[Site "Lazy"]
[Date "2012.09.09"]
[Round "9"]
[White "Wolynski, Krzysztof"]
[Black "Wisniewski, Adam"]
[Result "1/2-1/2"]
[WhiteElo "2056"]
[BlackElo "1956"]
[PlyCount "81"]
[EventDate "2012.09.01"]
[EventType "team-swiss"]
[EventRounds "9"]
[EventCountry "POL"]
[SourceTitle "EXT 2019"]
[Source "ChessBase"]
[SourceDate "2018.10.10"]
[SourceVersion "1"]
[SourceVersionDate "2018.10.10"]
[SourceQuality "1"]
[WhiteTeam "Rybnik MKSz"]
[BlackTeam "Bydgoszcz Hetman"]
[WhiteTeamCountry "POL"]
[BlackTeamCountry "POL"]

1. e4 e6 2. d4 d5 3. Nd2 Nf6 4. e5 Nfd7 5. Bd3 c5 6. c3 Nc6 7. Ne2 cxd4 8. cxd4 f6 9. exf6 Nxf6 10. Nf3 Bd6 11. 0-0 Qc7 12. Nc3 a6 13. Bg5 0-0 14. Rc1 Bd7 15. Bh4 Bf4 16. Bg3 Rae8 17. Bb1 g6 18. Re1 Nh5 19. Bxf4 Qxf4 20. Ne2 Qf6 21. Qd2 Rc8 22. Rc3 Ng7 23. Ng3 Qf4 24. Qe3 Qxe3 25. fxe3 Ne8 26. Rec1 Nd6 27. Ne2 Kg7 28. b3 Nb5 29. Rc5 b6 30. R5c2 Na3 31. Rb2 Nb4 32. Rd1 Bb5 33. Ne5 Nbc2 34. Bxc2 Nxc2 35. Nc1 Nxe3 36. Re1 Nc2 37. Rd1 Rf4 38. Nf3 Nxd4 39. Nxd4 Rxd4 40. Rxd4 Rxc1+ 41. Kf2 1/2-1/2

[Event "POL-chT 2nd League"]
[Site "Mrzezyno"]
[Date "2011.09.09"]
[Round "7.28"]
[White "Olejarczyk, Bogdan"]
[Black "Wisniewski, Adam"]
[Result "1-0"]
[WhiteElo "2115"]
[BlackElo "2011"]
[PlyCount "81"]
[EventDate "2011.09.03"]
[EventType "team-swiss"]
[EventRounds "9"]
[EventCountry "POL"]
[SourceTitle "EXT 2015"]
[Source "ChessBase"]
[SourceDate "2014.11.20"]
[SourceVersion "1"]
[SourceVersionDate "2014.11.20"]
[SourceQuality "1"]
[WhiteTeam "Warszawa KU AZS UW w"]
[BlackTeam "Bydgoszcz Hetman"]
[WhiteTeamCountry "POL"]
[BlackTeamCountry "POL"]

1. d4 Nf6 2. Nf3 g6 3. Bf4 Bg7 4. e3 0-0 5. h3 c5 6. c3 d6 7. Be2 Qb6 8. Qb3 Qxb3 9. axb3 cxd4 10. exd4 Nc6 11. Nbd2 Re8 12. Nc4 Bd7 13. 0-0 Ne4 14. Bd3 d5 15. Na5 Nd8 16. b4 Bf5 17. Bb5 Rf8 18. g4 Be6 19. Nd2 h5 20. f3 Nd6 21. Bd3 hxg4 22. hxg4 Bd7 23. Rfe1 b6 24. Rxe7 bxa5 25. Rxd7 Ne8 26. Rxa5 Nc6 27. Ra6 Nf6 28. Rc7 Nd8 29. Rcxa7 Rxa7 30. Rxa7 Ne6 31. Be5 Re8 32. Bb5 Rd8 33. Bc6 Nh7 34. Bg3 Bh6 35. Nb3 Nf4 36. Ra8 Rxa8 37. Bxa8 Ng5 38. Kf2 Nge6 39. Nc5 Nh3+ 40. Kf1 Nhg5 41. Bxd5 1-0